000 00806nam a2200217Ii 4500
003 JO-AjNU
008 230605s9999||||xx |||||||||||||| ||und||
020 _a978-977-308-651-0
040 _aJO-AjNU
_bara
_erda
_cJO-AjNU
041 _aara
050 1 4 _aHD62.7 2021
100 3 _aأحمد، الحديدي محمد عبد السلام ,
_eauthor
_961938
245 0 0 _aإدارة المشروعات الصغيرة والمتوسطة
264 3 1 _aدسوق: دار العلم والايمان؛ الجزائر: دار الجديد للنشر والتوزيع،2021
300 _a296ص
336 _atext
_btxt
_2rdacontent
337 _aunmediated
_bn
_2rdamedia
338 _avolume
_bnc
_2rdacarrier
490 0 _aسلسلة الإدارة الحديثة
650 4 _aإدارة اعمال
_961939
999 _aA28022
_c31590
_d31590